书目信息 |
| 题名: |
宇宙工业
|
|
| 作者: | Евич , 叶维奇 著 ;徐新民 译 | |
| 分册: | ||
| 出版信息: | 北京 科学普及出版社 1982 |
|
| 页数: | 205页 | |
| 开本: | 19cm | |
| 丛书名: | ||
| 单 册: | ||
| 中图分类: | V4 | |
| 科图分类: | ||
| 主题词: | 航天工业 | |
| 电子资源: | ||
| ISBN: | ||
| 000 | 00788nam0 2200277 45 | |
| 001 | 0182004038 | |
| 005 | 20060814144240.92 | |
| 010 | @dCNY0.59 | |
| 091 | @a15051.1031 | |
| 100 | @a19950516d1982 emky0chiy0121 ea | |
| 101 | 1 | @achi@crus |
| 102 | @aCN@b110000 | |
| 105 | @ay z 000yy | |
| 200 | 10 | @a宇宙工业@Ayu zhou gong ye@f(苏)叶维奇(А.Ф.Евич)著@g徐新民译 |
| 210 | @a北京@c科学普及出版社@d1982 | |
| 215 | @a205页@d19cm | |
| 300 | @a书名原文:Индустрия в космосе | |
| 510 | 1 | @aИндустрия в космосе@zrus |
| 606 | @a航天工业 | |
| 690 | @aV4@v3 | |
| 701 | A1 | @aЕвич@bА.Ф.@4著 |
| 701 | 1 | @a叶维奇@Aye wei qi@4著 |
| 702 | 0 | @a徐新民@Axu xin min@4译 |
| 801 | 2 | @aCN@bNLC@c20060814 |
| 801 | 0 | @aCN@bTSSF |
| 905 | @a10447@dV4@e32 | |
| 宇宙工业/(苏)叶维奇(А.Ф.Евич)著/徐新民译.-北京:科学普及出版社,1982 |
| 205页;19cm |
| 书名原文:Индустрия в космосе |
| ISBN :CNY0.59 |
| ● |
| 相关链接 |
|
|
|
|
正题名:宇宙工业
索取号:V4/32
 
预约/预借
| 序号 | 登录号 | 条形码 | 馆藏地/架位号 | 状态 | 备注 |
| 1 | 0458190 | 204581906 | 密集书库/ [索取号:V4/32] | 在馆 | |
| 2 | 0458191 | 204581915 | 密集书库/ [索取号:V4/32] | 在馆 |